| 000 | 01502cam a22004094i 4500 | ||
|---|---|---|---|
| 003 | PE-LiUPU | ||
| 005 | 20250731173222.0 | ||
| 008 | 150625s1974 r 000 0 d | ||
| 035 | _a(Sirsi) a33780 | ||
| 040 |
_aPE-LiUPU _bspa _cPE-LiUPU _erda |
||
| 082 | 0 | 4 |
_a221.07 _bOTL _221 |
| 100 | 1 |
_aKaiser, Otto, _eautor. |
|
| 245 | 1 | 0 |
_aIsaiah 13-39 : _bA commentary / _cOtto Kaiser. |
| 264 | 1 |
_aPhiladelphia : _bThe Westminster press, _c1974. |
|
| 300 |
_a412 páginas ; _c23 centímetros. |
||
| 336 |
_atext _2rdacontent |
||
| 337 |
_aunmediated _2rdamedia |
||
| 338 |
_avolume _2rdacarrier |
||
| 490 | 0 | _a(The Old Testament Library) | |
| 505 | 0 | _aThe oracles of the Nations. -Heading. -The Days of Great City Will not prolonged. -The Great turning - point. -How you are Fallen from Heavent, shining star. -The total annihilation of Babylon. -The eschatological conversion. -The tempest of the Nations. | |
| 526 | _aSEG42 | ||
| 526 | _aSEG41 | ||
| 526 | _aSEG40 | ||
| 526 | _aSEG39 | ||
| 526 | _aP94 | ||
| 526 | _aP87 | ||
| 526 | _aP86 | ||
| 526 | _aP85 | ||
| 526 | _aP77 | ||
| 526 | _aP76 | ||
| 526 | _aP35 | ||
| 630 |
_aBiblia. _pIsaías _xCrítica e interpretación |
||
| 942 |
_2ddc _cBK |
||
| 949 |
_a221.07 OTL 23b _wDEWEY _c1 _i37806 _lCCODEBUL1 _mBUL _p19.00 _r0 _sY _tBOOK _u2015-06-25 _xTEOLOGIA _zUNKNOWN _0COMPRA _o.STAFF. Colección Teología |
||
| 999 |
_c41565 _d41565 |
||
| 980 |
_81 _gALBERTO SANCHEZ Responsable de Automatización |
||